[Event "Muensterland Verbandsklasse-A 0607"]
[Site "Germany"]
[Date "2006.11.18"]
[Round "3.1"]
[White "Rapatinski, Konstantin"]
[Black "Sarana Hungeling, Oksana"]
[Result "1/2-1/2"]
[WhiteElo "2227"]
[BlackElo "2054"]
[PlyCount "30"]
[EventDate "2006.09.23"]
[EventType "team"]
[EventRounds "9"]
[EventCountry "GER"]
[SourceTitle "EXT 2008"]
[Source "ChessBase"]
[SourceDate "2007.11.25"]
[SourceVersion "1"]
[SourceVersionDate "2007.11.25"]
[SourceQuality "1"]
[WhiteTeam "Muenster Indische Dame"]
[BlackTeam "Emsdetten Turm III"]
[WhiteTeamCountry "GER"]
[BlackTeamCountry "GER"]

1. Nc3 d5 2. e4 e6 3. Qe2 Nf6 4. e5 Nfd7 5. f4 c5 6. Nf3 Nc6 7. g3 a6 8. Bg2 Be7 9. 0-0 Qc7 10. d3 b5 11. Nd1 b4 12. h4 h5 13. c4 bxc3 14. bxc3 Bd8 15. Ne3 Ne7 1/2-1/2

[Event "Muensterland Verbandsklasse-A 0607"]
[Site "Germany"]
[Date "2006.10.21"]
[Round "2.1"]
[White "Schulz, Stefan"]
[Black "Rapatinski, Konstantin"]
[Result "0-1"]
[WhiteElo "1833"]
[BlackElo "2227"]
[PlyCount "65"]
[EventDate "2006.09.23"]
[EventType "team"]
[EventRounds "9"]
[EventCountry "GER"]
[SourceTitle "EXT 2008"]
[Source "ChessBase"]
[SourceDate "2007.11.25"]
[SourceVersion "1"]
[SourceVersionDate "2007.11.25"]
[SourceQuality "1"]
[WhiteTeam "Muenster SK IV"]
[BlackTeam "Muenster Indische Dame"]
[WhiteTeamCountry "GER"]
[BlackTeamCountry "GER"]

1. d4 Nf6 2. Nf3 e6 3. c4 Bb4+ 4. Bd2 Qe7 5. Nc3 0-0 6. g3 Nc6 7. Bg2 Bxc3 8. Bxc3 Ne4 9. Qc2 Nxc3 10. Qxc3 d6 11. 0-0 e5 12. e4 Bg4 13. d5 Bxf3 14. Qxf3 Nd4 15. Qd3 c5 16. dxc6 bxc6 17. c5 dxc5 18. Qc4 Rab8 19. b3 Rb4 20. Qd3 c4 21. bxc4 Qc5 22. Rfc1 Rb2 23. Bf1 Nb3 24. Be2 Nxc1 25. Rxc1 Rxa2 26. Rc2 Rxc2 27. Qxc2 Rb8 28. Qa4 Rb2 29. Kf1 a5 30. Qa1 Qb4 31. Kg2 Qd2 32. Qa3 Qxe2 33. Qf8+ 0-1

[Event "Muensterland Verbandsklasse-A 0506"]
[Site "Germany"]
[Date "2006.04.08"]
[Round "8.1"]
[White "Hollnack, Olaf"]
[Black "Rapatinski, Konstantin"]
[Result "0-1"]
[WhiteElo "2140"]
[BlackElo "2185"]
[PlyCount "65"]
[EventDate "2005.09.03"]
[EventType "team"]
[EventRounds "9"]
[EventCountry "GER"]
[SourceTitle "EXT 2006"]
[Source "ChessBase"]
[SourceDate "2005.11.24"]
[SourceVersion "1"]
[SourceVersionDate "2005.11.24"]
[SourceQuality "1"]
[WhiteTeam "Nienberge"]
[BlackTeam "Muenster Indische Dame"]
[WhiteTeamCountry "GER"]
[BlackTeamCountry "GER"]

1. c4 Nf6 2. Nc3 c5 3. e4 Nc6 4. f4 e6 5. e5 Ng8 6. Nf3 Nge7 7. d4 cxd4 8. Nxd4 Nxd4 9. Qxd4 Nf5 10. Qf2 Qa5 11. Bd2 Bc5 12. Qf3 0-0 13. Bd3 d6 14. g4 Nd4 15. Qe4 g6 16. b4 Nf3+ 17. Qxf3 Bxb4 18. Rc1 dxe5 19. fxe5 Qxe5+ 20. Qe3 Qa5 21. h4 Bd7 22. h5 Bc6 23. Rh2 Qc7 24. Re2 Rad8 25. hxg6 fxg6 26. Ne4 Bxe4 27. Bxe4 Rxd2 28. Rxd2 Qh2 29. Rc3 Bxc3 30. Qxc3 Qg1+ 31. Ke2 Qf1+ 32. Ke3 Qh3+ 33. Ke2 0-1

[Event "Muensterland Verbandsklasse-A 0506"]
[Site "Germany"]
[Date "2005.12.10"]
[Round "4.1"]
[White "Rapatinski, Konstantin"]
[Black "Richter, Juergen"]
[Result "1/2-1/2"]
[WhiteElo "2185"]
[BlackElo "2004"]
[PlyCount "70"]
[EventDate "2005.09.03"]
[EventType "team"]
[EventRounds "9"]
[EventCountry "GER"]
[SourceTitle "EXT 2006"]
[Source "ChessBase"]
[SourceDate "2005.11.24"]
[SourceVersion "1"]
[SourceVersionDate "2005.11.24"]
[SourceQuality "1"]
[WhiteTeam "Muenster Indische Dame"]
[BlackTeam "Ibbenbueren"]
[WhiteTeamCountry "GER"]
[BlackTeamCountry "GER"]

1. Nf3 Nf6 2. c4 g6 3. Nc3 Bg7 4. e4 d6 5. d4 0-0 6. Be2 Nbd7 7. 0-0 c6 8. Qc2 e5 9. Rd1 Qc7 10. d5 c5 11. Ne1 a6 12. a3 Ne8 13. b4 b6 14. Nd3 f5 15. bxc5 bxc5 16. f3 f4 17. Bd2 g5 18. Na4 Rf7 19. Rab1 Bf8 20. Rb3 h5 21. Rdb1 Rg7 22. Nf2 Nef6 23. h3 Qd8 24. Qd1 Qe8 25. Ba5 Qg6 26. Nc3 g4 27. fxg4 hxg4 28. hxg4 Nh7 29. Bf3 Ng5 30. Bd8 Nf7 31. Bc7 Rh7 32. Na4 Ra7 33. Bb8 Ra8 34. Bc7 Ra7 35. Bb8 Ra8 1/2-1/2

[Event "Muensterland Verbandsklasse-A 0506"]
[Site "Germany"]
[Date "2005.11.05"]
[Round "2.1"]
[White "Rapatinski, Konstantin"]
[Black "Lemli, Thomas"]
[Result "1-0"]
[WhiteElo "2185"]
[BlackElo "2076"]
[PlyCount "85"]
[EventDate "2005.09.03"]
[EventType "team"]
[EventRounds "9"]
[EventCountry "GER"]
[SourceTitle "EXT 2006"]
[Source "ChessBase"]
[SourceDate "2005.11.24"]
[SourceVersion "1"]
[SourceVersionDate "2005.11.24"]
[SourceQuality "1"]
[WhiteTeam "Muenster Indische Dame"]
[BlackTeam "Emsdetten Rochade"]
[WhiteTeamCountry "GER"]
[BlackTeamCountry "GER"]

1. Nf3 d5 2. g3 Nf6 3. Bg2 c6 4. 0-0 Bg4 5. b3 Nbd7 6. Bb2 Bxf3 7. exf3 e6 8. f4 Bd6 9. d3 0-0 10. Nd2 e5 11. f5 a5 12. a4 Nc5 13. Re1 Re8 14. Nf1 d4 15. Nd2 Nd5 16. Nc4 Bc7 17. Ba3 Na6 18. Be4 Nab4 19. Bxb4 axb4 20. Qf3 Qd7 21. Kg2 f6 22. Nd2 Nc3 23. h4 Bd6 24. g4 Bf8 25. Kh2 Nd5 26. Rg1 Nf4 27. g5 Be7 28. Qg4 Nd5 29. Nf3 Kh8 30. Kh1 Ra5 31. h5 Rc5 32. h6 gxh6 33. gxh6 Bd6 34. Qh5 Nf4 35. Qh4 Qf7 36. Rg7 Qh5 37. Rxb7 Qxh4+ 38. Nxh4 Rxc2 39. a5 Bc5 40. a6 Rxf2 41. a7 Bxa7 42. Raxa7 Rf1+ 43. Kh2 1-0

[Event "NRW-ch"]
[Site "Hattingen"]
[Date "2005.10.07"]
[Round "7"]
[White "Gikas, Andreas Basilius"]
[Black "Rapatinski, Konstantin"]
[Result "1-0"]
[WhiteElo "2197"]
[BlackElo "2185"]
[PlyCount "49"]
[EventDate "2005.10.01"]
[EventType "swiss"]
[EventRounds "7"]
[EventCountry "GER"]
[SourceTitle "CBM 108 Extra"]
[Source "ChessBase"]
[SourceDate "2005.11.04"]
[SourceVersion "1"]
[SourceVersionDate "2005.11.04"]
[SourceQuality "1"]

1. e4 c5 2. Nf3 e6 3. d4 cxd4 4. Nxd4 Nc6 5. Nc3 a6 6. g3 Nge7 7. Nb3 d6 8. Bg2 Bd7 9. 0-0 Nc8 10. a4 Be7 11. Qe2 0-0 12. f4 Qc7 13. Kh1 Bf6 14. g4 Bxc3 15. bxc3 f6 16. Ba3 N6e7 17. e5 Qxc3 18. exd6 Ng6 19. Nc5 Bc6 20. Bxc6 bxc6 21. Nxe6 Rf7 22. Nc7 Nxf4 23. Qe8+ Rf8 24. Qe4 Nh3 25. Qe6+ 1-0

[Event "NRW-ch"]
[Site "Hattingen"]
[Date "2005.10.05"]
[Round "5"]
[White "Simon, Hans Christian"]
[Black "Rapatinski, Konstantin"]
[Result "1/2-1/2"]
[WhiteElo "2214"]
[BlackElo "2185"]
[PlyCount "70"]
[EventDate "2005.10.01"]
[EventType "swiss"]
[EventRounds "7"]
[EventCountry "GER"]
[SourceTitle "CBM 108 Extra"]
[Source "ChessBase"]
[SourceDate "2005.11.04"]
[SourceVersion "1"]
[SourceVersionDate "2005.11.04"]
[SourceQuality "1"]

1. Nf3 Nf6 2. d4 e6 3. g3 c5 4. Bg2 cxd4 5. Nxd4 d5 6. 0-0 e5 7. Nf3 Nc6 8. c4 d4 9. e3 Bc5 10. exd4 exd4 11. Bg5 h6 12. Bxf6 Qxf6 13. Nbd2 0-0 14. Ne4 Qe7 15. Ne1 Bf5 16. Qf3 Bxe4 17. Qxe4 Qxe4 18. Bxe4 Rfe8 19. Bxc6 bxc6 20. Nd3 Bd6 21. c5 Bf8 22. Rfe1 f5 23. Kf1 g5 24. Rac1 Bg7 25. f3 Kf7 26. b3 Rxe1+ 27. Rxe1 Re8 28. Nb4 Rc8 29. Ke2 a5 30. Nc2 d3+ 31. Kxd3 Rd8+ 32. Ke2 Re8+ 33. Kd3 Rd8+ 34. Ke2 Re8+ 35. Kd3 Rd8+ 1/2-1/2

[Event "NRW-ch"]
[Site "Hattingen"]
[Date "2005.10.03"]
[Round "3"]
[White "Michalczak, Thomas"]
[Black "Rapatinski, Konstantin"]
[Result "1/2-1/2"]
[WhiteElo "2374"]
[BlackElo "2185"]
[PlyCount "101"]
[EventDate "2005.10.01"]
[EventType "swiss"]
[EventRounds "7"]
[EventCountry "GER"]
[SourceTitle "CBM 108 Extra"]
[Source "ChessBase"]
[SourceDate "2005.11.04"]
[SourceVersion "1"]
[SourceVersionDate "2005.11.04"]
[SourceQuality "1"]

1. e4 c5 2. c3 d5 3. exd5 Qxd5 4. d4 e6 5. Nf3 Nf6 6. Be3 Be7 7. dxc5 Qxd1+ 8. Kxd1 Ng4 9. b4 a5 10. a3 Nc6 11. Bb5 Bd7 12. Nd4 0-0-0 13. Kc1 Nxd4 14. Bxd7+ Rxd7 15. cxd4 Nxe3 16. fxe3 Bg5 17. Re1 Rxd4 18. Kc2 Re4 19. Nd2 Rg4 20. Re2 Bf6 21. Rb1 Kc7 22. h3 Rh4 23. e4 axb4 24. axb4 Rd8 25. Rb3 Ra8 26. Rf2 Kc6 27. e5 Bxe5 28. g4 Ra2+ 29. Kd1 f6 30. Re2 Kb5 31. Re4 Ra1+ 32. Kc2 Ra2+ 33. Kc1 Ra1+ 34. Kc2 Rh1 35. Ree3 h5 36. Nf3 R4xh3 37. Nxe5 Rxe3 38. Rxe3 fxe5 39. Rxe5 hxg4 40. Rxe6 Kxb4 41. Rb6+ Kxc5 42. Rxb7 g6 43. Rg7 Kd4 44. Rxg6 Rh2+ 45. Kd1 Kd3 46. Ke1 Ke3 47. Kf1 Kf3 48. Kg1 Rg2+ 49. Kh1 Ra2 50. Rf6+ Kg3 51. Rf1 1/2-1/2

[Event "NRW-ch"]
[Site "Hattingen"]
[Date "2005.10.01"]
[Round "1"]
[White "Visser, Dirk"]
[Black "Rapatinski, Konstantin"]
[Result "1/2-1/2"]
[WhiteElo "2246"]
[BlackElo "2185"]
[PlyCount "63"]
[EventDate "2005.10.01"]
[EventType "swiss"]
[EventRounds "7"]
[EventCountry "GER"]
[SourceTitle "CBM 108 Extra"]
[Source "ChessBase"]
[SourceDate "2005.11.04"]
[SourceVersion "1"]
[SourceVersionDate "2005.11.04"]
[SourceQuality "1"]

1. c4 Nf6 2. Nf3 e6 3. g3 d5 4. d4 Be7 5. Bg2 0-0 6. 0-0 dxc4 7. Qc2 a6 8. Qxc4 b5 9. Qc2 Bb7 10. Bd2 Nc6 11. e3 Nb4 12. Bxb4 Bxb4 13. Nbd2 Rc8 14. Nb3 Be4 15. Qd1 Qd5 16. a3 Be7 17. Nbd2 c5 18. Nxe4 Qxe4 19. Ne5 Qf5 20. Nc6 Rc7 21. Nxe7+ Rxe7 22. dxc5 Qxc5 23. Rc1 Qe5 24. Qc2 h5 25. Rfd1 Rd7 26. Rxd7 Nxd7 27. b4 Nb6 28. Qc5 Qb2 29. Rc2 Qb1+ 30. Rc1 Qb2 31. Rc2 Qb1+ 32. Rc1 1/2-1/2

[Event "Bielefeld Gr1"]
[Site "Bielefeld"]
[Date "2005.05.15"]
[Round "4"]
[White "Henrich, Holger"]
[Black "Rapatinski, Konstantin"]
[Result "0-1"]
[WhiteElo "2208"]
[BlackElo "2185"]
[PlyCount "62"]
[EventDate "2005.05.13"]
[EventType "tourn"]
[EventRounds "7"]
[EventCountry "GER"]
[SourceTitle "EXT 2006"]
[Source "ChessBase"]
[SourceDate "2005.11.24"]
[SourceVersion "1"]
[SourceVersionDate "2005.11.24"]
[SourceQuality "1"]

1. d4 Nf6 2. c4 e6 3. Nc3 Bb4 4. e3 b6 5. Nge2 Ba6 6. a3 Bxc3+ 7. Nxc3 d5 8. Qf3 0-0 9. g4 Bb7 10. Bd3 Nbd7 11. g5 Ne4 12. Rg1 f5 13. Qh5 Qe7 14. Ne2 e5 15. f3 Nd6 16. cxd5 Bxd5 17. g6 hxg6 18. Qxg6 Bxf3 19. Ng3 Qh4 20. Kf1 Rf6 21. Qxg7+ Kxg7 22. Nxf5+ Kf7 23. Nxh4 Be4+ 24. Ke2 Bxd3+ 25. Kxd3 Rh8 26. Ng2 Rf2 27. e4 Rg8 28. Bd2 Rgxg2 29. Rxg2 Rxg2 30. Rc1 c5 31. dxc5 Nxc5+ 0-1

[Event "Bielefeld Gr1"]
[Site "Bielefeld"]
[Date "2005.05.14"]
[Round "3"]
[White "Bruchmann, Stephan"]
[Black "Rapatinski, Konstantin"]
[Result "1-0"]
[WhiteElo "2229"]
[BlackElo "2185"]
[PlyCount "69"]
[EventDate "2005.05.13"]
[EventType "tourn"]
[EventRounds "7"]
[EventCountry "GER"]
[SourceTitle "EXT 2006"]
[Source "ChessBase"]
[SourceDate "2005.11.24"]
[SourceVersion "1"]
[SourceVersionDate "2005.11.24"]
[SourceQuality "1"]

1. e4 c5 2. Nf3 e6 3. Nc3 a6 4. d4 cxd4 5. Nxd4 Nc6 6. Nxc6 bxc6 7. Bd3 d6 8. 0-0 Nf6 9. f4 e5 10. Kh1 Be7 11. Qf3 0-0 12. fxe5 dxe5 13. Qg3 Qc7 14. Be3 Be6 15. Na4 Rfe8 16. Nc5 Bxc5 17. Bxc5 Nd7 18. Be3 Kh8 19. Be2 Rab8 20. b3 a5 21. Bh5 Nf6 22. Rxf6 gxf6 23. Qf2 Qe7 24. Bc5 Qc7 25. Qxf6+ Kg8 26. Rf1 Rb5 27. Bd6 Qd8 28. Bxf7+ Bxf7 29. Qxf7+ Kh8 30. a4 Rb7 31. Bxe5+ Rxe5 32. Qxb7 Rxe4 33. Qxc6 Qd4 34. h3 Qe5 35. Qh6 1-0

[Event "Muensterland-ch"]
[Site "Emsdetten"]
[Date "2005.03.25"]
[Round "7"]
[White "Koch, Alexander"]
[Black "Rapatinski, Konstantin"]
[Result "1/2-1/2"]
[WhiteElo "2082"]
[BlackElo "2167"]
[PlyCount "35"]
[EventDate "2005.03.06"]
[EventType "tourn"]
[EventRounds "7"]
[EventCountry "GER"]
[SourceTitle "CBM 105 Extra"]
[Source "ChessBase"]
[SourceDate "2005.05.01"]
[SourceVersion "1"]
[SourceVersionDate "2005.05.01"]
[SourceQuality "1"]

1. e4 c5 2. Nc3 e6 3. f4 Ne7 4. Nf3 Nbc6 5. Be2 d5 6. 0-0 g6 7. Bb5 Bg7 8. Bxc6+ Nxc6 9. d3 0-0 10. Bd2 f5 11. exd5 exd5 12. Re1 d4 13. Na4 Qd6 14. c3 Be6 15. Ng5 Bd5 16. c4 Bf7 17. a3 Rfe8 18. Qf3 1/2-1/2

[Event "Muensterland-ch"]
[Site "Emsdetten"]
[Date "2005.03.20"]
[Round "6"]
[White "Rapatinski, Konstantin"]
[Black "Horstmann, Michael"]
[Result "1-0"]
[WhiteElo "2167"]
[BlackElo "1716"]
[PlyCount "31"]
[EventDate "2005.03.06"]
[EventType "tourn"]
[EventRounds "7"]
[EventCountry "GER"]
[SourceTitle "CBM 105 Extra"]
[Source "ChessBase"]
[SourceDate "2005.05.01"]
[SourceVersion "1"]
[SourceVersionDate "2005.05.01"]
[SourceQuality "1"]

1. Nf3 c5 2. c4 Nc6 3. d4 cxd4 4. Nxd4 Nf6 5. Nc3 g6 6. e4 d6 7. Be2 Bg7 8. Be3 0-0 9. 0-0 Nxd4 10. Bxd4 Be6 11. Qd2 Rc8 12. b3 a6 13. Rad1 Nd7 14. f4 Bxd4+ 15. Qxd4 Qb6 16. f5 1-0

[Event "Muensterland Verbandsklasse-A 0405"]
[Site "Muensterland"]
[Date "2005.03.19"]
[Round "8.1"]
[White "Rapatinski, Konstantin"]
[Black "Kemper, Georg"]
[Result "1-0"]
[WhiteElo "2186"]
[BlackElo "1913"]
[PlyCount "47"]
[EventDate "2004.09.11"]
[EventType "team"]
[EventRounds "9"]
[EventCountry "GER"]
[SourceTitle "EXT 2006"]
[Source "ChessBase"]
[SourceDate "2005.11.24"]
[SourceVersion "1"]
[SourceVersionDate "2005.11.24"]
[SourceQuality "1"]
[WhiteTeam "Muenster Indische Dame"]
[BlackTeam "Nienberge"]
[WhiteTeamCountry "GER"]
[BlackTeamCountry "GER"]

1. Nf3 e6 2. c4 Nf6 3. g3 b6 4. Bg2 Bb7 5. 0-0 Be7 6. Nc3 0-0 7. d4 Ne4 8. Qc2 Nxc3 9. Qxc3 d6 10. Qc2 c5 11. Ng5 Bxg5 12. Bxb7 Bxc1 13. Raxc1 Nd7 14. Bxa8 Qxa8 15. dxc5 dxc5 16. Rfd1 Ne5 17. Rd6 Qc8 18. Qe4 Ng6 19. Rcd1 Ne7 20. g4 Ng6 21. Rd7 Qb8 22. e3 Ne5 23. R7d6 f5 24. Qxe5 1-0

[Event "Muensterland Verbandsklasse-A 0405"]
[Site "Muensterland"]
[Date "2004.09.11"]
[Round "1.1"]
[White "Rapatinski, Konstantin"]
[Black "Lerke, Bernd"]
[Result "1-0"]
[WhiteElo "2135"]
[BlackElo "2013"]
[PlyCount "61"]
[EventDate "2004.09.11"]
[EventType "team"]
[EventRounds "9"]
[EventCountry "GER"]
[SourceTitle "EXT 2006"]
[Source "ChessBase"]
[SourceDate "2005.11.24"]
[SourceVersion "1"]
[SourceVersionDate "2005.11.24"]
[SourceQuality "1"]
[WhiteTeam "Muenster Indische Dame"]
[BlackTeam "Nordwalde"]
[WhiteTeamCountry "GER"]
[BlackTeamCountry "GER"]

1. Nf3 c5 2. c4 Nc6 3. Nc3 Nf6 4. d4 cxd4 5. Nxd4 g6 6. e4 Bg7 7. Be3 0-0 8. Be2 d6 9. 0-0 Bd7 10. Qd2 Ng4 11. Nxc6 bxc6 12. Bxg4 Bxg4 13. Bh6 Bxh6 14. Qxh6 Be6 15. b3 Qa5 16. Rac1 f6 17. Rfd1 Rf7 18. Qe3 c5 19. f4 Raf8 20. Rc2 Bg4 21. Rf1 Bc8 22. h3 Bb7 23. Rd1 Qc7 24. Rcd2 Qc6 25. Nd5 Rg7 26. e5 dxe5 27. fxe5 f5 28. e6 g5 29. Qe5 g4 30. h4 f4 31. Nxf4 1-0

[Event "Muensterland-ch"]
[Site "Metelen"]
[Date "2004.04.10"]
[Round "4"]
[White "Junker, Axel"]
[Black "Rapatinski, Konstantin"]
[Result "0-1"]
[WhiteElo "1823"]
[BlackElo "2179"]
[PlyCount "92"]
[EventDate "2004.04.??"]
[EventType "tourn"]
[EventRounds "7"]
[EventCountry "GER"]
[SourceTitle "EXT 2005"]
[Source "ChessBase"]
[SourceDate "2004.11.15"]
[SourceVersion "1"]
[SourceVersionDate "2004.11.15"]
[SourceQuality "1"]

1. g3 d5 2. Bg2 Nf6 3. d3 e6 4. Nd2 Be7 5. e3 c5 6. Ne2 Nc6 7. b3 e5 8. Bb2 d4 9. e4 Be6 10. h3 g5 11. g4 h5 12. f3 Qd7 13. Ng3 h4 14. Ne2 0-0 15. 0-0 Rfc8 16. a4 Bd8 17. Nc4 Ne8 18. Bc1 f6 19. Bd2 b6 20. Qb1 a6 21. Ra3 b5 22. Nb2 Qb7 23. Rc1 Be7 24. axb5 axb5 25. Rxa8 Rxa8 26. Nd1 Qa6 27. c4 dxc3 28. Ndxc3 Nd4 29. Nxd4 cxd4 30. Nd5 Bxd5 31. exd5 Qa2 32. Be1 Qxb1 33. Rxb1 Ra3 34. Kf1 Kf8 35. Kg1 Bd6 36. Bf1 Nc7 37. b4 Nxd5 38. Rc1 Ke7 39. Rb1 Kd7 40. Rb2 Nf4 41. Kf2 Nxd3+ 42. Bxd3 Rxd3 43. Ra2 e4 44. fxe4 Bg3+ 45. Kf1 Rd1 46. Re2 Ke6 0-1

[Event "NRW-ch"]
[Site "Aachen"]
[Date "2003.10.20"]
[Round "3"]
[White "Rapatinski, Konstantin"]
[Black "Braun, Christian1111"]
[Result "1/2-1/2"]
[WhiteElo "2221"]
[BlackElo "2242"]
[PlyCount "100"]
[EventDate "2003.10.??"]
[EventType "tourn"]
[EventRounds "7"]
[EventCountry "GER"]
[SourceTitle "EXT 2005"]
[Source "ChessBase"]
[SourceDate "2004.11.15"]
[SourceVersion "1"]
[SourceVersionDate "2004.11.15"]
[SourceQuality "1"]

1. Nf3 Nf6 2. c4 g6 3. Nc3 Bg7 4. e4 d6 5. d4 0-0 6. Be2 e5 7. 0-0 Nc6 8. d5 Ne7 9. Bd2 Nh5 10. g3 f5 11. exf5 gxf5 12. Nxe5 Nxg3 13. hxg3 dxe5 14. Bg5 Bf6 15. Bh6 Bg7 16. Bxg7 Kxg7 17. f4 Qd6 18. Nb5 Qb6+ 19. Rf2 exf4 20. gxf4 Rf6 21. Qd4 Qxd4 22. Nxd4 Bd7 23. Re1 Rg6+ 24. Kf1 Rh6 25. Bf3 Ng6 26. c5 Rf8 27. c6 bxc6 28. dxc6 Bc8 29. Ne6+ Bxe6 30. Rxe6 Rh4 31. Rd2 Rxf4 32. Ke2 Rb4 33. Kf2 Rf7 34. Re3 Rf4 35. Ke2 Rc4 36. Ra3 Re7+ 37. Kf2 Ne5 38. Rxa7 Rf4 39. Ra3 Nxc6 40. Kg3 Rc4 41. Rc3 Rxc3 42. bxc3 Ne5 43. a4 Kf6 44. a5 Nxf3 45. Kxf3 c5 46. Rd5 Re4 47. Rxc5 Ra4 48. a6 Rxa6 49. Kf4 Kg6 50. c4 Rf6 1/2-1/2

[Event "Muensterland-ch"]
[Site "Muenster"]
[Date "2003.04.18"]
[Round "2"]
[White "Rapatinski, Konstantin"]
[Black "Koch, Alexander"]
[Result "1-0"]
[WhiteElo "2205"]
[BlackElo "2115"]
[PlyCount "51"]
[EventDate "2003.04.??"]
[EventType "tourn"]
[EventRounds "7"]
[EventCountry "GER"]
[SourceTitle "EXT 2005"]
[Source "ChessBase"]
[SourceDate "2004.11.15"]
[SourceVersion "1"]
[SourceVersionDate "2004.11.15"]
[SourceQuality "1"]

1. Nf3 Nf6 2. c4 g6 3. Nc3 Bg7 4. e4 d6 5. d4 0-0 6. Be2 Nbd7 7. 0-0 e5 8. Qc2 exd4 9. Nxd4 Nc5 10. Rd1 Qe7 11. f3 Ne6 12. Nxe6 fxe6 13. Be3 b6 14. Rac1 Nh5 15. Qd2 Rf7 16. b4 Qf8 17. c5 dxc5 18. bxc5 bxc5 19. Nb5 a6 20. Bxc5 Bh6 21. Qa5 axb5 22. Qxa8 Qe8 23. Bxb5 Qxb5 24. Qxc8+ Kg7 25. Bd4+ e5 26. Rb1 1-0

[Event "Muensterland-ch"]
[Site "Muenster"]
[Date "2003.04.18"]
[Round "6"]
[White "Rott, Georg"]
[Black "Rapatinski, Konstantin"]
[Result "0-1"]
[WhiteElo "2143"]
[BlackElo "2205"]
[PlyCount "152"]
[EventDate "2003.04.??"]
[EventType "tourn"]
[EventRounds "7"]
[EventCountry "GER"]
[SourceTitle "EXT 2005"]
[Source "ChessBase"]
[SourceDate "2004.11.15"]
[SourceVersion "1"]
[SourceVersionDate "2004.11.15"]
[SourceQuality "1"]

1. e4 c5 2. c3 d5 3. exd5 Qxd5 4. d4 e6 5. Nf3 Nf6 6. Be3 cxd4 7. cxd4 Nc6 8. Bd3 Nb4 9. Be2 Qd6 10. Nbd2 Be7 11. Bb5+ Bd7 12. Bxd7+ Qxd7 13. 0-0 0-0 14. Ne5 Qd5 15. a3 Nc6 16. Ndf3 Rfd8 17. Qe2 Rac8 18. Rad1 b5 19. h3 Ne4 20. Nxc6 Rxc6 21. Ne5 Rc7 22. Nd3 Rdc8 23. Nc5 Nxc5 24. dxc5 Qc4 25. Qxc4 bxc4 26. Rc1 Bxc5 27. Bxc5 Rxc5 28. Rc2 Kf8 29. Rfc1 Ke7 30. b3 c3 31. Kf1 e5 32. Ke2 e4 33. Ke3 f5 34. Kd4 Ke6 35. Rxc3 Rd5+ 36. Ke3 Rd3+ 37. Rxd3 Rxc1 38. Rd4 Ke5 39. Ra4 Rc3+ 40. Ke2 Rxb3 41. Rxa7 Rb2+ 42. Ke1 Kf6 43. g3 e3 44. fxe3 Rg2 45. g4 fxg4 46. hxg4 Rxg4 47. Kf2 h5 48. Ra5 h4 49. Rb5 g5 50. Rb8 Ra4 51. Rb3 Kf5 52. Rb5+ Kg4 53. Rb3 Kh3 54. e4+ Kg4 55. Re3 Ra6 56. e5 Kf5 57. a4 Rxa4 58. e6 Ra8 59. e7 Re8 60. Kf3 Kf6 61. Kg4 Rxe7 62. Rf3+ Kg6 63. Rf8 Re3 64. Rg8+ Kf6 65. Rf8+ Kg7 66. Ra8 Rg3+ 67. Kf5 h3 68. Ra7+ Kh6 69. Ra8 Kg7 70. Ra7+ Kf8 71. Kf6 Ke8 72. Ke6 Re3+ 73. Kf5 Rg3 74. Ke6 Kd8 75. Rh7 g4 76. Kf5 Rg2 0-1

[Event "Muensterland Verbandsliga 0203"]
[Site "Muensterland"]
[Date "2002.11.16"]
[Round "3.1"]
[White "Schepers, Volker"]
[Black "Rapatinski, Konstantin"]
[Result "1-0"]
[WhiteElo "2059"]
[BlackElo "2221"]
[PlyCount "132"]
[EventDate "2002.09.21"]
[EventType "team"]
[EventRounds "9"]
[EventCountry "GER"]
[SourceTitle "EXT 2004"]
[Source "ChessBase"]
[SourceDate "2003.11.25"]
[SourceVersion "1"]
[SourceVersionDate "2003.11.25"]
[SourceQuality "1"]
[WhiteTeam "Saerbeck Falke"]
[BlackTeam "Westbevern"]
[WhiteTeamCountry "GER"]
[BlackTeamCountry "GER"]

1. e4 c5 2. Nc3 e6 3. Bc4 Nc6 4. f4 Nge7 5. d3 d5 6. Bb5 d4 7. Bxc6+ Nxc6 8. Nce2 f5 9. Ng3 Be7 10. Nf3 0-0 11. 0-0 b6 12. Qe2 Qd7 13. Bd2 Bb7 14. Rae1 Bd6 15. exf5 exf5 16. Qe6+ Qxe6 17. Rxe6 Rad8 18. Rfe1 Bc8 19. R6e2 h6 20. Kf2 g6 21. Ne5 Bxe5 22. fxe5 f4 23. Ne4 Bg4 24. Nf6+ Rxf6 25. exf6 Bxe2 26. Rxe2 g5 27. Re6 Rc8 28. a3 Kf7 29. Rd6 Ne5 30. h3 Rc6 31. Rd8 Kxf6 32. b3 Ng6 33. Rd7 Nh4 34. Rxa7 Re6 35. Bc1 Nf5 36. a4 Ng3 37. Rb7 Re2+ 38. Kf3 Re1 39. Bxf4 gxf4 40. Kxf4 Nh5+ 41. Kg4 Kg6 42. Rxb6+ Nf6+ 43. Kf3 Rc1 44. b4 Rxc2 45. bxc5 Kf5 46. Rb4 Ke5 47. Rc4 Rd2 48. c6 Rxd3+ 49. Ke2 Re3+ 50. Kd1 Nd5 51. c7 Nxc7 52. Rxc7 Ra3 53. Rh7 Ke4 54. Rxh6 Kd3 55. Ke1 Rxa4 56. g4 Ra1+ 57. Kf2 Kd2 58. g5 d3 59. h4 Ra5 60. Rf6 Kc2 61. Rc6+ Kd1 62. g6 d2 63. g7 Rg5 64. Rc7 Rg6 65. h5 Rg5 66. h6 Rf5+ 1-0